Promoting the American dream of homeownership through downpayment assistance : hearing before the Subcommittee on Housing and Community Opportunity of the Committee on Financial Services, House of Representatives, One Hundred Eighth Congress, first session, April 8, 2003.

Bibliographic Details
Corporate Author: United States. Congress. House. Committee on Financial Services. Subcommittee on Housing and Community Opportunity (Author)
Format: Government Document eBook
Language:English
Published: Washington : U.S. Government Printing Office, 2003.
Series:U.S. Congressional documents. Congressional hearings.
Civil rights and social justice.
Subjects:
Online Access:Connect to the full text of this electronic book

MARC

Tag First Indicator Second Indicator Subfields
LEADER 00000cam a2200000 i 4500
001 in00004397413
005 20210422111946.0
006 m fo d f
007 cr bn nnnauuuu
008 130325s2003 dcua o f000 0 eng d
035 |a ccn00392981 
040 |a NjRocCCS  |b eng  |e rda  |c NjRocCCS  |d UtOrBLW 
043 |a n-us--- 
050 4 |a KF27  |b .B546 2003c 
074 |a 1013-C 
074 |a 1013-D (MF) 
086 0 |a Y 4.F 49/20:108-21 
088 |a Serial no. 108-21 (United States. Congress. House. Committee on Financial Services) 
110 1 |a United States.  |b Congress.  |b House.  |b Committee on Financial Services.  |b Subcommittee on Housing and Community Opportunity,  |e author.  |0 http://id.loc.gov/authorities/names/no2001098888 
245 1 0 |a Promoting the American dream of homeownership through downpayment assistance :  |b hearing before the Subcommittee on Housing and Community Opportunity of the Committee on Financial Services, House of Representatives, One Hundred Eighth Congress, first session, April 8, 2003. 
264 1 |a Washington :  |b U.S. Government Printing Office,  |c 2003. 
264 2 |a [Buffalo, New York] :  |b William S. Hein and Company,  |c [2012] 
300 |a 1 online resource (vi, 107 pages) :  |b illustrations. 
336 |a text  |b txt  |2 rdacontent 
337 |a computer  |b c  |2 rdamedia 
338 |a online resource  |b cr  |2 rdacarrier 
490 1 |a HeinOnline U.S. Congressional documents. Congressional hearings 
490 1 |a HeinOnline civil rights and social justice 
588 |a Description based on PDF title page, viewed March 25, 2013. 
500 |a Distributed to some depository libraries in microfiche. 
500 |a "Serial number 108-21." 
650 0 |a Housing  |z United States  |x Finance.  |0 http://id.loc.gov/authorities/subjects/sh2008105834 
650 0 |a Low-income housing  |z United States  |x Finance.  |0 http://id.loc.gov/authorities/subjects/sh2010100185 
650 0 |a Minorities  |x Housing  |z United States  |x Finance. 
650 0 |a Home ownership  |x Government policy  |z United States. 
650 0 |a House buying  |z United States  |x Costs. 
650 0 |a Down payments  |x Government policy  |z United States. 
650 0 |a Federal aid to housing  |z United States.  |0 http://id.loc.gov/authorities/subjects/sh2009124178 
655 7 |a Electronic books.  |2 local 
776 0 8 |c Original  |w (DLC) 2004356872  |z 0160711509 
830 0 |a U.S. Congressional documents.  |p Congressional hearings. 
830 0 |a Civil rights and social justice. 
856 4 0 |u http://proxy.library.tamu.edu/login?url=https://www.heinonline.org/HOL/Page?handle=hein.cbhear/cbhearings80393&id=1&size=2&collection=civil&index=civil  |z Connect to the full text of this electronic book  |t 0 
949 |a KF 27 .B546 2003c  |w LC  |c 1  |i 392981-2001  |d 9/14/2020  |l MAIN  |m HEN  |q 1  |r Y  |s Y  |t WEB  |u 4/17/2013  |x ENG  |z N-US 
999 f f |s 8695c9ae-6046-383e-b533-6c8a52c7b172  |i b5082e3b-c7df-3a3e-8abb-d1a1546b9833  |t 0 
952 f f |a Texas A&M University  |b College Station  |c Electronic Resources  |d Available Online  |t 0  |e KF27 .B546 2003c  |h Library of Congress classification 
998 f f |a KF27 .B546 2003c  |t 0  |l Available Online